| 000 | 00797nam a2200253 a 4500 | ||
|---|---|---|---|
| 001 | BRL_141 | ||
| 005 | 20190320210615.0 | ||
| 008 | 181012s1958----gw-a######---#000-0#ger-u | ||
| 041 | _ager | ||
| 044 | _agw | ||
| 050 | 4 |
_aN6494.A2 _b.P64 1958 |
|
| 100 | 1 |
_aPoensger, Georg _923023 |
|
| 245 | 1 | 0 |
_aAbstrakte kunst eine weltsprache _cGeorg Poensgen ; Leopold Zahn ; mit einem beitrag von Werner Hofmann. |
| 260 |
_aAlemania _bWoldemar Klein Verlag _c1958 |
||
| 300 |
_a224 p. _bil. a color _c35 cm. |
||
| 500 | _aEstado físico: el material presenta un daño por humedad de la p. 163 a 224 | ||
| 500 | _aAu187 | ||
| 504 | _aBibliografía: p. 125 | ||
| 650 | 1 | 4 |
_aArte abstracto _918579 |
| 700 | 1 |
_aZahn, Leopold _912002 |
|
| 700 | 1 |
_aHofmann, Werner _923024 |
|
| 902 | _aGRL | ||
| 942 |
_2lcc _cB |
||
| 999 |
_c8954 _d8954 |
||